ბათუმის შოთა რუსთაველის სახელმწიფო უნივერსიტეტის ბიბლიოთეკა

საქართველოს კანონმდებლობის შესაბამისობა ადამიანის უფლებათა ევროპული კონვენციისა და მისი ოქმების სტანდარტებთან / (ბიბ.ჩანაწერი № 36635)

000 -ლიდერი
ფიქსირებული სიგრძის საკონტროლო ველი 01615nam a2200253Ia 4500
001 - საკონტროლო ნომერი
საკონტროლო ველი 2555
003 - საკონტროლო ნომრის იდენტიფიკატორი
საკონტროლო ველი GE_BSU
005 - ბოლო ოპერაციის თარიღი და დრო
საკონტროლო ველი 20210216141747.0
008 - ფიქსირებული სიგრძის მონაცემთა ელემენტები - ზოგადი ინფორმაცია
ფიქსირებული სიგრძის საკონტროლო ველი 181216s2005|||| |||||||||||||| ||geo||
020 ## - წიგნის საერთაშორისო სტანდარტული ნომერი
International Standard Book Number 9994002244
040 ## - კატალოგიზაციის წყარო
Transcribing agency GE_BSU
041 ## - ენის კოდი
Language code of text/sound track or separate title geo
080 ## - უნივერსალური ათობითი კლასიფიკაციის ინდექსი
Universal Decimal Classification number 342.7 კ–77
100 ## - მთავარი ჩანაწერი - პიროვნების სახელი
Personal name კორკელია, კონსტანტინე
9 (RLIN) 539
245 ## - ცნობა სათაურის შესახებ
Title საქართველოს კანონმდებლობის შესაბამისობა ადამიანის უფლებათა ევროპული კონვენციისა და მისი ოქმების სტანდარტებთან /
Statement of responsibility, etc კონსტანტინე კორკელია, ნანა მჭედლიძე, ალექსანდრე ნალბანდოვი ; ევროპის საბჭოს საინფორმ. ბიურო საქართველოში.
264 ## - წარმოების, გამოცემის, დისტრიბუციის და სხვა ცნობები
გამოცემის, წარმოების, დისტრიბუციის... ადგილი თბილისი :
გამოცემის, წარმოების, დისტრიბუციის... სახელწოდება ბაკურ სულაკაურის გამ–ბა,
გამოცემის, წარმოების, დისტრიბუციის... თარიღი 2003
300 ## - ფიზიკური აღწერა
Extent 559 გვ.
Other physical details 23 სმ.
653 ## - INDEX TERM--UNCONTROLLED
Uncontrolled term საქართველოს კანონმდებლობა
653 ## - INDEX TERM--UNCONTROLLED
Uncontrolled term ადამიანის უფლებები
653 ## - INDEX TERM--UNCONTROLLED
Uncontrolled term ადამიანის უფლებათა ევროპული კონვენცია
700 ## - ADDED ENTRY--PERSONAL NAME
Personal name მჭედლიძე, ნანა
Relator term ავტორი
9 (RLIN) 10128
700 ## - ADDED ENTRY--PERSONAL NAME
Personal name ნალბანდოვი, ალექსანდრე
Relator term ავტორი
9 (RLIN) 10129
942 ## - ADDED ENTRY ELEMENTS (KOHA)
Koha item type წიგნი
Source of classification or shelving scheme
ეგზემპლარები
ჩამოწერის სტატუსი დაკარგული ეგზემპლარის სტატუსი კლასიფიკაციის წყარო ან თაროზე გაწყობის სქემა დაზიანების სტატუსი არ გაიცემა მუდმივი მდებარეობა (დაცვის ადგილი) ამჟამინდელი ადგილსამყოფელი თაროზე განთავსების ადგილი შეძენის თარიღი ღირებულება, შესყიდვის ნორმალური ფასი სრული შენახვის შიფრი შტრიხკოდი ბოლო ოპერაციის თარიღი ფასის ძალაში შესვლის თარიღი ეგზემპლარის სახეობა საჯარო შენიშვნა
          ბათუმის შოთა რუსთაველის სახელმწიფო უნივერსიტეტის მთავარი ბიბლიოთეკა ბათუმის შოთა რუსთაველის სახელმწიფო უნივერსიტეტის მთავარი ბიბლიოთეკა წიგნსაცავი 2018-12-17 20.00 342.7 კ–77 3349 2018-12-17 2018-12-17 წიგნი 20 ლ.